000 00753nam a2200217Ia 4500
001 14782
003 GE_BSU
008 181216s||||||||xx |||||||||||||| ||und||
040 _cGE_BSU
080 _a531(075.32)
100 _aАйзенберг,Т.Б. Воронков, И.М. Осецкий,В.М.
245 _aРуководство к решению задач по теоретической механике
245 _cРед.И.М.Воронкова
250 _a6-ое стереотип.
260 _aМосква
260 _bВысшая школа
260 _c1968
300 _a420стр.22см.
653 _aРуководство к решению задач по теоретической механике
942 _cBK
999 _c47905
_d47905